Interrogating Popular Culture (Record no. 162595)

MARC details
000 -LEADER
fixed length control field 01350cam a2200325Mu 4500
001 - CONTROL NUMBER
control field vtls003268192
003 - CONTROL NUMBER IDENTIFIER
control field MY-SjTCS
005 - DATE AND TIME OF LATEST TRANSACTION
control field 20200226120330.0
006 - FIXED-LENGTH DATA ELEMENTS--ADDITIONAL MATERIAL CHARACTERISTICS
fixed length control field m o d
007 - PHYSICAL DESCRIPTION FIXED FIELD--GENERAL INFORMATION
fixed length control field cr cnu---unuuu
008 - FIXED-LENGTH DATA ELEMENTS--GENERAL INFORMATION
fixed length control field 150804s2014 xx o 000 0 eng d
020 ## - INTERNATIONAL STANDARD BOOK NUMBER
International Standard Book Number 9781135020705 (electronic bk.)
020 ## - INTERNATIONAL STANDARD BOOK NUMBER
International Standard Book Number 1135020701 (electronic bk.)
035 ## - SYSTEM CONTROL NUMBER
System control number (OCoLC)890090580
035 ## - SYSTEM CONTROL NUMBER
System control number ocn890090580
039 #9 - LEVEL OF BIBLIOGRAPHIC CONTROL AND CODING DETAIL [OBSOLETE]
-- 201508041016
-- shuhada
040 ## - CATALOGING SOURCE
Original cataloging agency EBLCP
Language of cataloging eng
Transcribing agency EBLCP
Modifying agency N$T
-- YDXCP
-- OCLCF
082 04 - DEWEY DECIMAL CLASSIFICATION NUMBER
Classification number 306.07
Edition number 23
100 1# - MAIN ENTRY--PERSONAL NAME
Personal name Takacs, Stacy.
245 10 - TITLE STATEMENT
Title Interrogating Popular Culture
Medium [electronic resource] :
Remainder of title Key Questions.
260 ## - PUBLICATION, DISTRIBUTION, ETC.
Place of publication, distribution, etc. Hoboken :
Name of publisher, distributor, etc. Taylor and Francis,
Date of publication, distribution, etc. 2014.
300 ## - PHYSICAL DESCRIPTION
Extent 1 online resource (269 p.)
500 ## - GENERAL NOTE
General note Description based upon print version of record.
650 #0 - SUBJECT ADDED ENTRY--TOPICAL TERM
Topical term or geographic name entry element Popular culture
General subdivision Study and teaching.
650 #0 - SUBJECT ADDED ENTRY--TOPICAL TERM
Topical term or geographic name entry element Culture
General subdivision Study and teaching.
9 (RLIN) 8784
650 #0 - SUBJECT ADDED ENTRY--TOPICAL TERM
Topical term or geographic name entry element Mass media
General subdivision Study and teaching.
9 (RLIN) 13690
655 #4 - INDEX TERM--GENRE/FORM
Genre/form data or focus term Electronic books.
776 08 - ADDITIONAL PHYSICAL FORM ENTRY
Relationship information Print version:
Main entry heading Takacs, Stacy
Title Interrogating Popular Culture : Key Questions
Place, publisher, and date of publication Hoboken : Taylor and Francis,c2014
International Standard Book Number 9780415841184
856 40 - ELECTRONIC LOCATION AND ACCESS
Uniform Resource Identifier https://ezproxy.taylors.edu.my/login?url=http://search.ebscohost.com/login.aspx?direct=true&scope=site&db=nlebk&db=nlabk&AN=841286
Public note An electronic book accessible through the World Wide Web; click to view
Holdings
Withdrawn status Lost status Damaged status Not for loan Home library Current library Date acquired Total Checkouts Date last seen Price effective from Koha item type
      e-book Taylor's Library-TU Taylor's Library-TU 07/02/2020   07/02/2020 07/02/2020 E-Book